| 000 | 01410nam a2200337 a 4500 | ||
|---|---|---|---|
| 001 | ebr10565136 | ||
| 003 | CaPaEBR | ||
| 006 | m u | ||
| 007 | cr cn||||||||| | ||
| 008 | 120612s2012 inua s 001 0 eng d | ||
| 010 | _z 2012936847 | ||
| 020 | _z9781118183489 | ||
| 020 | _z9781118227459 (e-book) | ||
| 040 |
_aCaPaEBR _cCaPaEBR |
||
| 035 | _a(OCoLC)797837571 | ||
| 050 | 1 | 4 |
_aQA76.59 _b.M55 2012eb |
| 100 | 1 | _aMilette, Greg. | |
| 245 | 1 | 0 |
_aProfessional Android sensor programming _h[electronic resource] / _cGreg Milette, Adam Stroud. |
| 260 |
_aIndianapolis : _bJohn Wiley & Sons, _c2012. |
||
| 300 |
_axxxiii, 517 p. : _bill. (some col.). |
||
| 490 | 0 | _aWrox programmer to programmer | |
| 500 | _aIncludes index. | ||
| 505 | 0 | _apt. 1. Location services -- pt. 2. Inferring information from physical sensors -- pt. 3. Sensing the augmented, pattern-rich external world -- pt. 4. Speaking to Android. | |
| 533 |
_aElectronic reproduction. _bPalo Alto, Calif. : _cebrary, _d2013. _nAvailable via World Wide Web. _nAccess may be limited to ebrary affiliated libraries. |
||
| 630 | 0 | 0 | _aAndroid (Electronic resource) |
| 650 | 0 | _aMobile computing. | |
| 655 | 7 |
_aElectronic books. _2local |
|
| 700 | 1 | _aStroud, Adam. | |
| 710 | 2 | _aebrary, Inc. | |
| 856 | 4 | 0 |
_uhttp://site.ebrary.com/lib/rucke/Doc?id=10565136 _zAn electronic book accessible through the World Wide Web; click to view |
| 999 |
_c202341 _d202341 |
||